| Record ID | marc_records_scriblio_net/part19.dat:111249992:598 |
| Source | Scriblio |
| Download Link | /show-records/marc_records_scriblio_net/part19.dat:111249992:598?format=raw |
LEADER: 00598nam 2200217 a 4500
001 87070323
003 DLC
005 19880913151333.2
008 870203s1987 vaua 00010 eng
010 $a 87070323
020 $a1556180209 (pbk.)
043 $an-us---
050 0 $aTL23$b.B55 1987
082 0 $a629.2/222$219
100 10 $aBolan, Nelson.
245 10 $aRunning board cars /$cNelson Bolan.
250 $a1st original ed.
260 0 $aLawrenceville, Va. :$bBrunswick,$cc1987.
300 $a409 p. :$bill. ;$c28 cm.
650 0 $aAdvertising$zUnited States.
650 0 $aAdvertising$xAutomobiles.